000 00380nam a2200157Ia 4500
008 160316s1993 xxu||||| |||| 00| 0 eng d
082 _a340.092000
_bSPE
100 _aSpeiser Stuart M
245 _aLawyers and the American dream
250 _a
260 _aNew York
_bM Evans & Co.
_c1993
300 _a430p
_b
_c
365 _bGratis
650 _a1.Biographies
700 _a
_a
999 _c7567
_d7567